Gaming Quiz

Random Gaming or Minecraft Quiz

Minecraft Ores Quiz Stats

 Plays Quiz not verified by Sporcle

Challenge
Share
Tweet
Embed
Score 0/8 Timer 02:00
0 Plays Today
% Correct
???
75%
???
64.3%
???
64.3%
???
60.7%
???
53.6%
???
53.6%
???
42.9%
???
32.1%

You're not logged in!

Compare scores with friends on all Sporcle quizzes.
Join for Free
OR
Log In

You Might Also Like...

Show Comments

Extras

Created Mar 22, 2016ReportFavoriteNominate
Tags:Minecraft Quiz, ore

Top Quizzes Today


Score Distribution

Your Account Isn't Verified!

In order to create a playlist on Sporcle, you need to verify the email address you used during registration. Go to your Sporcle Settings to finish the process.

Report this User

Report this user for behavior that violates our Community Guidelines.

Details: